Návrh deklarácie o vede a využívaní vedeckých poznatkov
Na svetovej konferencii Science for the twenty-first century, ktorá sa konala v Budapešti 26. júla 1999 bol predložený návrh deklarácie o vede a využívaní vedeckých poznatkov. Úplné znenie deklarácie o vede, ktorý obsahuje 42 bodov. Veda pre poznanie, poznanie pre pokrok. Veda pre mier. Veda pre roz...
Guardado en:
| Autor principal: | |
|---|---|
| Formato: | Capítulo de libro |
| Lenguaje: | eslovaco |
| Materias: | |
| Etiquetas: |
Sin Etiquetas, Sea el primero en etiquetar este registro!
|
MARC
| LEADER | 00000naa a2200000 4500 | ||
|---|---|---|---|
| 001 | r038404 | ||
| 005 | 20230927094930.5 | ||
| 041 | 0 | |a slo | |
| 044 | |a SK | ||
| 245 | 1 | 0 | |a Návrh deklarácie o vede a využívaní vedeckých poznatkov |c Elena Mihoková |
| 520 | |a Na svetovej konferencii Science for the twenty-first century, ktorá sa konala v Budapešti 26. júla 1999 bol predložený návrh deklarácie o vede a využívaní vedeckých poznatkov. Úplné znenie deklarácie o vede, ktorý obsahuje 42 bodov. Veda pre poznanie, poznanie pre pokrok. Veda pre mier. Veda pre rozvoj. Veda v spoločnosti a veda pre spoločnosť. | ||
| 610 | 2 | 0 | |a veda |
| 610 | 2 | 0 | |a spoločnosť |
| 610 | 2 | 0 | |a výskum vedecký |
| 610 | 2 | 0 | |a rozvoj vedecký |
| 610 | 2 | 0 | |a konferencie |
| 610 | 2 | 0 | |a Budapešť |
| 610 | 2 | 0 | |a 1999 |
| 610 | 2 | 0 | |a deklarácia |
| 100 | 1 | |a Mihoková, Elena | |